LIBRARY & INFORMATION CENTRE, KCAET, TAVANUR

ONLINE PUBLIC ACCESS CATALOGUE (OPAC)

Aasharam-banajavali / (Record no. 11883)

MARC details
000 -LEADER
fixed length control field 00645cam a2200157ua 4500
041 ## - LANGUAGE CODE
Language code of text/sound track or separate title hin
082 ## - DEWEY DECIMAL CLASSIFICATION NUMBER
Classification number 891.54
Item number NAV/AA
100 ## - MAIN ENTRY--AUTHOR NAME
Personal name Navajeevanprakaashan, .
245 00 - TITLE STATEMENT
Title Aasharam-banajavali /
260 ## - PUBLICATION, DISTRIBUTION, ETC. (IMPRINT)
Place of publication :
Name of publisher corparatebody ,
Year of publication 1922.
300 ## - PHYSICAL DESCRIPTION
Number of Pages 230 ;
Accompanying material `.
942 ## - ADDED ENTRY ELEMENTS (KOHA)
Koha item type Books
Holdings
Withdrawn status Lost status Damaged status Home library Current library Date acquired Full call number Accession Number Koha item type
Withdrawn     KAUAET Sanskrit University 07/04/2012 891.54 2480 Books
free website counter